| 000 | 00928nam a22002537a 4500 | ||
|---|---|---|---|
| 999 |
_c2008 _d2008 |
||
| 003 | AR-CdUCM | ||
| 008 | 190228b ||||| |||| 00| 0 spa d | ||
| 020 | _a8489309434 | ||
| 040 |
_aMUNICIPALIDAD PROVINCIAL DEL CUSCO _cBIBLIOTECA MUNICIPAL DEL CUSCO |
||
| 082 |
_22ed. _a985.09 / _bP34 |
||
| 100 |
_aPease G.Y, franklin _91834 |
||
| 245 |
_aCuracas, Reciprocidad y Riqueza / _cPease G.Y, franklin |
||
| 260 |
_aLima : _bPontificia Universidad Catolica del PerĂº, _c1999. |
||
| 300 |
_a208 paginas : _bilustraciones, _c21cm. |
||
| 505 | _aCuracas e intercambio -- Curacas y reciprocidad -- Autoridad y Especialistas -- Intercambio -- Redistrobucion... | ||
| 650 |
_aHistoris Incaica _97304 |
||
| 650 |
_aAntropologia _9878 |
||
| 650 |
_aPeru _97305 |
||
| 650 |
_aLiteratura _983 |
||
| 700 |
_aPease G.Y, franklin _91834 |
||
| 700 |
_aRodriguez Rea, Miguel Angel _97306 |
||
| 942 |
_2ddc _cLIBROS |
||
| 945 |
_apjha _d2019-02-28 |
||